000 00749nam a2200217Ia 4500
005 20230208154413.0
008 210716s2015 xx 000 0 und d
020 _a9788126556373
040 _cAIMIT LIBRARY
041 _aeng
082 _a658.1511
_21
_bSINK
100 _aSingh, Kanhaiya.
_971435
245 _aManagement accounting :
_bconcepts and strategic costing decisions /
_cBy Kanhaiya Singh.
250 _a1st ed.
260 _aNew Delhi :
_bWiley India Pvt Ltd ,
_c2015.
300 _axii,684p. ;
_bPB
_c23.5 cm
650 _aManagement accounting fundamentals
_971436
650 _aMaterials cost control
_971437
650 _aCost analysis: job order batch and contract costing
_971438
942 _2ddc
_cBK
_e1st ed.
_k658.1511 SINK
999 _c209533
_d209533